000 01252nam a22003017a 4500
001 10008
003 FISKH
005 20260326163444.0
008 260326b cb ||||| |||| 00| 0 eng d
020 _a9780916119546
040 _aFISKH
_beng
_cFISKH
_dFISKH
050 _aPC4117 .W5522
082 _a370
100 _aWilliams, Rozanne Lanczak
_eAuthor
245 _aHow to make a mudpie /
_cWritten by Rozanne Lanczak Williams ; illustrated by Aaron Sacco
260 _aHuntington Beach :
_bCreative Teaching Press Inc. ,
_c2013
300 _a8 pages :
_bcolor illustrations ;
_c16 x 23 cm
490 _aLearn to read, read to learn :
_vFun & fantasy
505 _aE
520 _aRepetitive, predictable story lines and illustrations that match the text provide maximum support to the emergent reader. Engaging stories promote reading comprehension, and easy and fun activities on the inside back covers extend learning. Great for Reading First, Fluency, Vocabulary, Text Comprehension, and ESL/ELL!
521 8 _a200
_bLexile estimate
521 8 _aE
_bRaz-Plus
650 _aEarly readers
_vHow-to
650 _aPlay
_vOutdoor activities
700 _aSacco, Aaron
_eIllustrator
942 _2ddc
_cBK
_n0
999 _c10008
_d10008